000
00308nam a2200133Ia 4500
100
_a
Lacy/ M
942
_c
BK
654
_a
Computer architecture
245
_a
Understanding Computer System architecture
260
_b
B.P.B. Pub
_a
New Delhi
_c
1993
082
_a
4.22
_b
LAC
546
_a
ENGLISH
999
_c
28085
_d
28085